The Seventeen Provers of the World Foreword by Dana S. Scott /

Commemorating the 50th anniversary of the first time a mathematical theorem was proven by a computer system, Freek Wiedijk initiated the present book in 2004 by inviting formalizations of a proof of the irrationality of the square root of two from scientists using various theorem proving systems. Th...

Full description

Bibliographic Details
Corporate Author: SpringerLink (Online service)
Other Authors: Wiedijk, Freek (Editor)
Format: Electronic eBook
Language:English
Published: Berlin, Heidelberg : Springer Berlin Heidelberg, 2006.
Series:Lecture Notes in Computer Science, 3600
Subjects:
Online Access:Full Text via HEAL-Link
LEADER 02626nam a22005175i 4500
001 978-3-540-32888-9
003 DE-He213
005 20151123194928.0
007 cr nn 008mamaa
008 100929s2006 gw | s |||| 0|eng d
020 |a 9783540328889  |9 978-3-540-32888-9 
024 7 |a 10.1007/11542384  |2 doi 
040 |d GrThAP 
050 4 |a Q334-342 
050 4 |a TJ210.2-211.495 
072 7 |a UYQ  |2 bicssc 
072 7 |a TJFM1  |2 bicssc 
072 7 |a COM004000  |2 bisacsh 
082 0 4 |a 006.3  |2 23 
245 1 4 |a The Seventeen Provers of the World  |h [electronic resource] :  |b Foreword by Dana S. Scott /  |c edited by Freek Wiedijk. 
264 1 |a Berlin, Heidelberg :  |b Springer Berlin Heidelberg,  |c 2006. 
300 |a XVI, 162 p.  |b online resource. 
336 |a text  |b txt  |2 rdacontent 
337 |a computer  |b c  |2 rdamedia 
338 |a online resource  |b cr  |2 rdacarrier 
347 |a text file  |b PDF  |2 rda 
490 1 |a Lecture Notes in Computer Science,  |x 0302-9743 ;  |v 3600 
505 0 |a Informal -- HOL -- Mizar -- PVS -- Coq -- Otter/Ivy -- Isabelle/Isar -- Alfa/Agda -- ACL2 -- PhoX -- IMPS -- Metamath -- Theorema -- Lego -- Nuprl -- ?mega -- B Method -- Minlog. 
520 |a Commemorating the 50th anniversary of the first time a mathematical theorem was proven by a computer system, Freek Wiedijk initiated the present book in 2004 by inviting formalizations of a proof of the irrationality of the square root of two from scientists using various theorem proving systems. The 17 systems included in this volume are among the most relevant ones for the formalization of mathematics. The systems are showcased by presentation of the formalized proof and a description in the form of answers to a standard questionnaire. The 17 systems presented are HOL, Mizar, PVS, Coq, Otter/Ivy, Isabelle/Isar, Alfa/Agda, ACL2, PhoX, IMPS, Metamath, Theorema, Leog, Nuprl, Omega, B method, and Minlog. 
650 0 |a Computer science. 
650 0 |a Software engineering. 
650 0 |a Mathematical logic. 
650 0 |a Artificial intelligence. 
650 1 4 |a Computer Science. 
650 2 4 |a Artificial Intelligence (incl. Robotics). 
650 2 4 |a Software Engineering. 
650 2 4 |a Mathematical Logic and Formal Languages. 
700 1 |a Wiedijk, Freek.  |e editor. 
710 2 |a SpringerLink (Online service) 
773 0 |t Springer eBooks 
776 0 8 |i Printed edition:  |z 9783540307044 
830 0 |a Lecture Notes in Computer Science,  |x 0302-9743 ;  |v 3600 
856 4 0 |u http://dx.doi.org/10.1007/11542384  |z Full Text via HEAL-Link 
912 |a ZDB-2-SCS 
912 |a ZDB-2-LNC 
950 |a Computer Science (Springer-11645)